000 00550pab a2200181 454500
008 180718b2009 xxu||||| |||| 00| 0 eng d
100 _aStewart, Wayne H., Jr. et al
245 _aA test of the measurement validity of the resistance to change scale in Russia and Ukraine
260 _c2009
300 _ap.468-89.
362 _aDec
650 _aResistance to change - Ukraine
650 _aResistance to change - Russia
650 _aResistance to change
773 _aJournal of Applied Behavioral Science
908 _aN
909 _a85461
999 _c85461
_d85461